000
00277nam a22001217a 4500
008
171227b xxu||||| |||| 00| 0 eng d
041
_a
eng
080
_a
573
100
_a
11
101
_a
BIO
245
_a
COMMUNICATION AMONG SOCIAL BEES
_c
LINDAUER,M
942
_2
udc
_c
BK
999
_c
39502
_d
39502